000 00203nam a2200109Ia 4500
100 _aMORTON/H.V.
942 _cBK
245 _aA STRANGER IN SPAIN.
260 _b#N/A
546 _aENGLISH
999 _c35702
_d35702